[Event "Tradewise Gibraltar ChallWk1"]
[Site "Gibraltar"]
[Date "2017.01.26"]
[Round "4.9"]
[White "Aroven, Mikael"]
[Black "Korning, Peter"]
[Result "1-0"]
[WhiteElo "2172"]
[BlackElo "2080"]
[PlyCount "57"]
[EventDate "2017.01.23"]
[EventType "swiss"]
[EventRounds "5"]
[EventCountry "GGB"]
[SourceTitle "BritBase"]
[Source "www.saund.co.uk"]
[SourceDate "2018.02.10"]
[SourceVersion "1"]
[SourceVersionDate "2018.02.10"]
[SourceQuality "1"]

1. b3 e5 2. Bb2 Nc6 3. Nf3 e4 4. Ne5 Nxe5 5. Bxe5 d6 6. Bb2 Nf6 7. c4 Be7 8.
Nc3 c6 9. e3 O-O 10. Be2 d5 11. cxd5 cxd5 12. Nb5 a6 13. Nd4 Be6 14. O-O Qd7
15. d3 Rac8 16. dxe4 dxe4 17. Nxe6 Qxe6 18. Rc1 Rxc1 19. Qxc1 Rc8 20. Qd2 Rd8
21. Qc3 Rc8 22. Bc4 Qf5 23. Rc1 Rd8 24. Be2 Ne8 25. Qc2 Bb4 26. Bd4 Ba3 27. Rb1
Rc8 28. Qd1 Bf8 29. Bg4 1-0

[Event "Tradewise Gibraltar ChallWk1"]
[Site "Gibraltar"]
[Date "2017.01.26"]
[Round "4.10"]
[White "Usleber, Helmut"]
[Black "Dolzhikova, Olga"]
[Result "1/2-1/2"]
[WhiteElo "2052"]
[BlackElo "2164"]
[PlyCount "35"]
[EventDate "2017.01.23"]
[EventType "swiss"]
[EventRounds "5"]
[EventCountry "GGB"]
[SourceTitle "BritBase"]
[Source "www.saund.co.uk"]
[SourceDate "2018.02.10"]
[SourceVersion "1"]
[SourceVersionDate "2018.02.10"]
[SourceQuality "1"]

1. e4 c5 2. Nf3 Nc6 3. d4 cxd4 4. Nxd4 e6 5. Nc3 a6 6. Nb3 Nf6 7. f4 Bb4 8. e5
Ne4 9. Qf3 d5 10. Be2 Nxc3 11. bxc3 Be7 12. O-O O-O 13. Be3 Bd7 14. Bd3 Rc8 15.
Bxh7+ Kxh7 16. Qh5+ Kg8 17. Rf3 f5 18. Rh3 1/2-1/2

[Event "Tradewise Gibraltar ChallWk1"]
[Site "Gibraltar"]
[Date "2017.01.26"]
[Round "4.11"]
[White "Elishev, Ivan"]
[Black "Lawson, Dominic Ralph"]
[Result "1-0"]
[WhiteElo "2143"]
[BlackElo "2027"]
[PlyCount "83"]
[EventDate "2017.01.23"]
[EventType "swiss"]
[EventRounds "5"]
[EventCountry "GGB"]
[SourceTitle "BritBase"]
[Source "www.saund.co.uk"]
[SourceDate "2018.02.10"]
[SourceVersion "1"]
[SourceVersionDate "2018.02.10"]
[SourceQuality "1"]

1. e4 e5 2. d4 exd4 3. Qxd4 Nc6 4. Qe3 Nf6 5. Bd2 Be7 6. Nc3 O-O 7. Bc4 Re8 8.
Nf3 Nxe4 9. Nxe4 d5 10. O-O-O dxc4 11. Rhe1 Be6 12. Bc3 Qc8 13. Qf4 Nb4 14. Kb1
f6 15. Qg3 Kf8 16. Qh4 Kg8 17. Qg3 Kh8 18. Nd4 Nd5 19. f4 Nxc3+ 20. Nxc3 Bf7
21. f5 Bd6 22. Qh3 Be5 23. Re4 g5 24. Qh6 c5 25. Rxe5 fxe5 26. Qf6+ Kg8 27.
Qxg5+ Kh8 28. Ndb5 Rg8 29. Qf6+ Rg7 30. Ne4 Kg8 31. Ng5 Qc6 32. Nd6 Rf8 33. Ne6
Bxe6 34. Qxe6+ Kh8 35. f6 Rg6 36. Nf7+ Rxf7 37. Qxf7 Qxf6 38. Qxb7 Rg7 39. Qe4
Qf4 40. Qc6 e4 41. Qe6 h6 42. g3 1-0

[Event "Tradewise Gibraltar ChallWk1"]
[Site "Gibraltar"]
[Date "2017.01.26"]
[Round "4.12"]
[White "Jordan Martinez, David"]
[Black "Cholleti, Sahajasri"]
[Result "1/2-1/2"]
[WhiteElo "2122"]
[BlackElo "1987"]
[PlyCount "33"]
[EventDate "2017.01.23"]
[EventType "swiss"]
[EventRounds "5"]
[EventCountry "GGB"]
[SourceTitle "BritBase"]
[Source "www.saund.co.uk"]
[SourceDate "2018.02.10"]
[SourceVersion "1"]
[SourceVersionDate "2018.02.10"]
[SourceQuality "1"]

1. e4 c5 2. Nc3 d6 3. f4 g6 4. Nf3 Bg7 5. Bb5+ Bd7 6. a4 Nc6 7. O-O Nf6 8. d3
O-O 9. Bxc6 Bxc6 10. Qe1 e6 11. Qh4 c4 12. Kh1 cxd3 13. cxd3 Nd7 14. Qh3 Nc5
15. f5 exf5 16. exf5 Bd7 17. g4 1/2-1/2

[Event "Tradewise Gibraltar ChallWk1"]
[Site "Gibraltar"]
[Date "2017.01.26"]
[Round "4.13"]
[White "Seraoui, Mohcen"]
[Black "Marcos Herrero, Francisco"]
[Result "1-0"]
[WhiteElo "2100"]
[BlackElo "1918"]
[PlyCount "61"]
[EventDate "2017.01.23"]
[EventType "swiss"]
[EventRounds "5"]
[EventCountry "GGB"]
[SourceTitle "BritBase"]
[Source "www.saund.co.uk"]
[SourceDate "2018.02.10"]
[SourceVersion "1"]
[SourceVersionDate "2018.02.10"]
[SourceQuality "1"]

1. e4 c5 2. c3 g6 3. Nf3 Bg7 4. Bc4 d6 5. d4 Nc6 6. Qb3 e6 7. Be3 b6 8. Nbd2
Nge7 9. d5 exd5 10. Bxd5 Na5 11. Qb5+ Bd7 12. Qe2 Nxd5 13. exd5 O-O 14. Rc1 Re8
15. O-O Bg4 16. b3 Nb7 17. h3 Bf5 18. Rfe1 Qc7 19. Qf1 Bd7 20. Qc4 Re7 21. Bg5
Rxe1+ 22. Rxe1 Re8 23. Rxe8+ Bxe8 24. Ne4 f5 25. Nf6+ Bxf6 26. Bxf6 Nd8 27. Ng5
Nf7 28. Qe2 Qd7 29. Ne6 h6 30. c4 g5 31. Qh5 1-0

[Event "Tradewise Gibraltar ChallWk1"]
[Site "Gibraltar"]
[Date "2017.01.26"]
[Round "4.14"]
[White "Wilen, Eero"]
[Black "Schouten, Freek"]
[Result "1/2-1/2"]
[WhiteElo "2035"]
[BlackElo "2095"]
[PlyCount "148"]
[EventDate "2017.01.23"]
[EventType "swiss"]
[EventRounds "5"]
[EventCountry "GGB"]
[SourceTitle "BritBase"]
[Source "www.saund.co.uk"]
[SourceDate "2018.02.10"]
[SourceVersion "1"]
[SourceVersionDate "2018.02.10"]
[SourceQuality "1"]

1. c4 f5 2. d4 Nf6 3. g3 e6 4. Bg2 Be7 5. Nf3 O-O 6. O-O d6 7. Nc3 Ne4 8. Qd3
Nxc3 9. bxc3 Nc6 10. d5 Ne5 11. Nxe5 dxe5 12. e4 f4 13. gxf4 exf4 14. e5 Bc5
15. a4 Qg5 16. Re1 Bd7 17. Ra2 Rad8 18. Kh1 Kh8 19. Ba3 Bxa3 20. Rxa3 Rf5 21.
Raa1 Rdf8 22. Bh3 Rxe5 23. dxe6 Bc6+ 24. f3 Re3 25. Rxe3 fxe3 26. Bg2 Qe5 27.
Re1 Qxe6 28. Rxe3 Qf6 29. a5 a6 30. Qd4 Rd8 31. Qxf6 Rd1+ 32. Bf1 gxf6 33. Kg2
Ra1 34. Re7 Rxa5 35. Bd3 Rg5+ 36. Kf2 Rg7 37. Re6 Rf7 38. c5 Bd5 39. Re8+ Kg7
40. Be4 Bxe4 41. fxe4 Rd7 42. c6 bxc6 43. Ke3 c5 44. Ra8 c4 45. Rxa6 Rd3+ 46.
Kf4 Rxc3 47. Rc6 Rh3 48. Rxc7+ Kg6 49. Rxc4 Rxh2 50. Rc5 Rf2+ 51. Kg3 Re2 52.
Kf3 Re1 53. Kf4 h5 54. Rc8 Rf1+ 55. Kg3 h4+ 56. Kxh4 Rf4+ 57. Kg3 Rxe4 58. Rc5
Ra4 59. Kf3 f5 60. Rc8 Kf7 61. Rc6 Ke7 62. Rb6 Re4 63. Ra6 Re6 64. Rxe6+ Kxe6
65. Kf4 Kf6 66. Kf3 Ke5 67. Ke3 f4+ 68. Kf3 Kf5 69. Kf2 Kg4 70. Kg2 f3+ 71. Kf2
Kf4 72. Kf1 Ke3 73. Ke1 f2+ 74. Kf1 Kf3 1/2-1/2

[Event "Tradewise Gibraltar ChallWk1"]
[Site "Gibraltar"]
[Date "2017.01.26"]
[Round "4.15"]
[White "Pinho, Paulo"]
[Black "Carlsten, Peter"]
[Result "1-0"]
[WhiteElo "2220"]
[BlackElo "2047"]
[PlyCount "65"]
[EventDate "2017.01.23"]
[EventType "swiss"]
[EventRounds "5"]
[EventCountry "GGB"]
[SourceTitle "BritBase"]
[Source "www.saund.co.uk"]
[SourceDate "2018.02.10"]
[SourceVersion "1"]
[SourceVersionDate "2018.02.10"]
[SourceQuality "1"]

1. d4 f5 2. h3 Nf6 3. g4 d5 4. Nf3 Nc6 5. Qd3 e6 6. Bf4 Ne4 7. Nbd2 Be7 8. gxf5
exf5 9. Ne5 Nxe5 10. Bxe5 Nxd2 11. Qxd2 Bf6 12. O-O-O Qe7 13. f4 Be6 14. Bxf6
Qxf6 15. Rg1 O-O 16. Rg5 Rac8 17. Bg2 c5 18. Bf3 c4 19. Qa5 Rfd8 20. Rdg1 Qxd4
21. Rxg7+ Kh8 22. Qd2 Qxg7 23. Rxg7 Kxg7 24. Qd4+ Kf7 25. Bh5+ Ke7 26. Qxa7 Rd7
27. Qa3+ Kf6 28. Qe3 Rc6 29. Be8 Rcc7 30. Qe5+ Ke7 31. Bxd7 Rxd7 32. c3 Kf7 33.
Kd2 1-0

[Event "Tradewise Gibraltar ChallWk1"]
[Site "Gibraltar"]
[Date "2017.01.26"]
[Round "4.16"]
[White "Van Dongen, Edwin"]
[Black "Verneuil, Pascal"]
[Result "1/2-1/2"]
[WhiteElo "2043"]
[BlackElo "2215"]
[PlyCount "72"]
[EventDate "2017.01.23"]
[EventType "swiss"]
[EventRounds "5"]
[EventCountry "GGB"]
[SourceTitle "BritBase"]
[Source "www.saund.co.uk"]
[SourceDate "2018.02.10"]
[SourceVersion "1"]
[SourceVersionDate "2018.02.10"]
[SourceQuality "1"]

1. f4 d5 2. Nf3 c5 3. e3 Nc6 4. Be2 Nf6 5. d3 Bg4 6. Nbd2 Qc7 7. O-O O-O-O 8.
h3 Bxf3 9. Nxf3 h5 10. a3 e6 11. Rb1 Bd6 12. Bd2 Ne7 13. b4 Nf5 14. bxc5 Bxc5
15. d4 Bb6 16. c4 dxc4 17. Bxc4 Kb8 18. Qb3 Ne4 19. Bc1 Rc8 20. Bd3 Nfg3 21.
Bxe4 Nxe4 22. Bb2 Qc2 23. Ba1 Ng3 24. Rfd1 Qxb3 25. Rxb3 Rc2 26. d5 exd5 27.
Be5+ Ka8 28. Rxd5 Rc1+ 29. Kf2 Ne4+ 30. Ke2 Rhc8 31. Rb2 f6 32. Bd4 Bxd4 33.
Rxd4 Ng3+ 34. Kf2 Nh1+ 35. Ke2 Ng3+ 36. Kf2 Nh1+ 1/2-1/2

[Event "Tradewise Gibraltar ChallWk1"]
[Site "Gibraltar"]
[Date "2017.01.26"]
[Round "4.18"]
[White "Alberto, Manuel"]
[Black "Sedgwick, David"]
[Result "1-0"]
[WhiteElo "2168"]
[BlackElo "1943"]
[PlyCount "81"]
[EventDate "2017.01.23"]
[EventType "swiss"]
[EventRounds "5"]
[EventCountry "GGB"]
[SourceTitle "BritBase"]
[Source "www.saund.co.uk"]
[SourceDate "2018.02.10"]
[SourceVersion "1"]
[SourceVersionDate "2018.02.10"]
[SourceQuality "1"]

1. e4 e6 2. d4 d5 3. e5 c5 4. c3 Qb6 5. Nf3 Nc6 6. a3 Bd7 7. b4 cxb4 8. axb4
Nge7 9. Bd3 Ng6 10. h4 Nxb4 11. cxb4 Bxb4+ 12. Kf1 Rc8 13. h5 Ne7 14. Be3 Nf5
15. Kg1 O-O 16. Nbd2 Rc3 17. Nf1 Rfc8 18. Bxf5 exf5 19. Ng3 a5 20. Nh4 g6 21.
Ne2 Rc2 22. Nf4 Be6 23. hxg6 fxg6 24. Nf3 Be7 25. Rb1 Qa6 26. Nxe6 Qxe6 27.
Rxb7 R2c7 28. Rxc7 Rxc7 29. Qa4 Bd8 30. Ng5 Qd7 31. Qxd7 Rxd7 32. Kf1 Rb7 33.
Ke2 Rb2+ 34. Kf3 Rb4 35. Nxh7 a4 36. Bg5 Bxg5 37. Nxg5 Rxd4 38. e6 Re4 39. Nxe4
fxe4+ 40. Ke3 Kf8 41. Rh7 1-0

[Event "Tradewise Gibraltar ChallWk1"]
[Site "Gibraltar"]
[Date "2017.01.26"]
[Round "4.19"]
[White "Green, Per"]
[Black "Herzwurm, Robert"]
[Result "1/2-1/2"]
[WhiteElo "1956"]
[BlackElo "2143"]
[PlyCount "68"]
[EventDate "2017.01.23"]
[EventType "swiss"]
[EventRounds "5"]
[EventCountry "GGB"]
[SourceTitle "BritBase"]
[Source "www.saund.co.uk"]
[SourceDate "2018.02.10"]
[SourceVersion "1"]
[SourceVersionDate "2018.02.10"]
[SourceQuality "1"]

1. Nf3 d5 2. c4 e6 3. g3 c6 4. b3 f5 5. Bg2 Nf6 6. O-O Bd6 7. Bb2 Nbd7 8. Qc2
O-O 9. cxd5 cxd5 10. d4 Ne4 11. Ba3 Bxa3 12. Nxa3 Qa5 13. Qb2 Ndf6 14. Ne5 Bd7
15. f3 Nd6 16. Rac1 Rfc8 17. Kf2 Be8 18. Rxc8 Rxc8 19. Rc1 Qd8 20. Rxc8 Qxc8
21. Nc2 Nb5 22. a4 Nd6 23. Nb4 a5 24. Nbd3 Nd7 25. Qd2 b6 26. Bf1 Nxe5 27. Nxe5
Nf7 28. Nd3 Qc7 29. e3 g5 30. Qc1 Qxc1 31. Nxc1 Kf8 32. f4 g4 33. Bd3 Ke7 34.
Ke2 Nd8 1/2-1/2

[Event "Tradewise Gibraltar ChallWk1"]
[Site "Gibraltar"]
[Date "2017.01.26"]
[Round "4.20"]
[White "Burrows, Martin P"]
[Black "Jimenez Ruiz, Jose Carlos"]
[Result "1/2-1/2"]
[WhiteElo "2124"]
[BlackElo "1899"]
[PlyCount "72"]
[EventDate "2017.01.23"]
[EventType "swiss"]
[EventRounds "5"]
[EventCountry "GGB"]
[SourceTitle "BritBase"]
[Source "www.saund.co.uk"]
[SourceDate "2018.02.10"]
[SourceVersion "1"]
[SourceVersionDate "2018.02.10"]
[SourceQuality "1"]

1. e4 e6 2. d4 d5 3. Nc3 Bb4 4. e5 b6 5. a3 Bf8 6. Bb5+ Bd7 7. Bd3 c5 8. f4
cxd4 9. Nce2 Nc6 10. Nf3 Nh6 11. Nexd4 Bc5 12. Nxc6 Bxc6 13. b4 Be7 14. Nd4 Qc7
15. Qh5 O-O-O 16. O-O Bd7 17. Bd2 Kb8 18. a4 a5 19. bxa5 Bc5 20. c3 bxa5 21.
Kh1 Bxd4 22. cxd4 Qa7 23. Ra3 Ka8 24. Qg5 Nf5 25. Bxf5 exf5 26. Bc3 Qa6 27. Rc1
Rc8 28. h3 Qg6 29. Qh4 Rc4 30. Bb2 Rxc1+ 31. Bxc1 Rc8 32. Bd2 Qb6 33. Qe1 Qxd4
34. Bxa5 Qxf4 35. Rc3 Rxc3 36. Qxc3 Qxa4 1/2-1/2

[Event "Tradewise Gibraltar ChallWk1"]
[Site "Gibraltar"]
[Date "2017.01.26"]
[Round "4.21"]
[White "Anuprita, Patil"]
[Black "Burke, Mitchell R"]
[Result "1-0"]
[WhiteElo "2066"]
[BlackElo "1975"]
[PlyCount "67"]
[EventDate "2017.01.23"]
[EventType "swiss"]
[EventRounds "5"]
[EventCountry "GGB"]
[SourceTitle "BritBase"]
[Source "www.saund.co.uk"]
[SourceDate "2018.02.10"]
[SourceVersion "1"]
[SourceVersionDate "2018.02.10"]
[SourceQuality "1"]

1. d4 Nf6 2. Nf3 g6 3. Nbd2 Bg7 4. e4 d6 5. Bd3 O-O 6. c3 Nbd7 7. O-O e5 8.
dxe5 dxe5 9. Qe2 c6 10. Nc4 Qc7 11. a4 Nh5 12. g3 Nc5 13. Bc2 Bh3 14. Rd1 Ne6
15. Kh1 Bg4 16. Kg2 b5 17. Na3 f5 18. h3 Bxf3+ 19. Qxf3 f4 20. Qg4 Nc5 21. axb5
Nf6 22. Qf3 fxg3 23. Qe2 Nfxe4 24. Qc4+ Qf7 25. Qxf7+ Rxf7 26. f3 Nf6 27. b4
Ne6 28. Bb3 Re8 29. Rd6 Rfe7 30. bxc6 Kh8 31. Rxe6 Rxe6 32. Bxe6 Rxe6 33. c7
Rc6 34. Nb5 1-0

[Event "Tradewise Gibraltar ChallWk1"]
[Site "Gibraltar"]
[Date "2017.01.26"]
[Round "4.22"]
[White "Ebner, Johann"]
[Black "Lapusan, Razvan"]
[Result "1-0"]
[WhiteElo "2066"]
[BlackElo "1525"]
[PlyCount "87"]
[EventDate "2017.01.23"]
[EventType "swiss"]
[EventRounds "5"]
[EventCountry "GGB"]
[SourceTitle "BritBase"]
[Source "www.saund.co.uk"]
[SourceDate "2018.02.10"]
[SourceVersion "1"]
[SourceVersionDate "2018.02.10"]
[SourceQuality "1"]

1. d4 d5 2. c4 e6 3. Nc3 Nf6 4. cxd5 exd5 5. Bg5 Be7 6. e3 O-O 7. Bd3 Nbd7 8.
Qc2 h6 9. Bh4 c5 10. Nf3 a6 11. dxc5 Nxc5 12. Rd1 Bg4 13. Be2 Qa5 14. O-O Nce4
15. Nxd5 Bd8 16. b4 Qa3 17. Rd3 Rc8 18. Qxc8 Qxd3 19. Ne7+ Bxe7 20. Qxf8+ Kxf8
21. Bxd3 Bxf3 22. gxf3 Nd2 23. Bxf6 gxf6 24. Rc1 Nxf3+ 25. Kg2 Ne5 26. Be4 b6
27. Rc8+ Kg7 28. a3 a5 29. bxa5 bxa5 30. a4 Bb4 31. Bf5 Ng6 32. Bxg6 Kxg6 33.
f4 Kg7 34. f5 Bd2 35. Kf3 h5 36. e4 h4 37. h3 Kh7 38. Kg4 Be1 39. Kf3 Bd2 40.
Ke2 Bb4 41. Kd3 Kg7 42. Kc4 Be1 43. Kb5 Bd2 44. Ra8 1-0

[Event "Tradewise Gibraltar ChallWk1"]
[Site "Gibraltar"]
[Date "2017.01.26"]
[Round "4.23"]
[White "Carrascoso Morales, Abel"]
[Black "Mircov, Nicola-Alexandar"]
[Result "1/2-1/2"]
[WhiteElo "2200"]
[BlackElo "1957"]
[PlyCount "112"]
[EventDate "2017.01.23"]
[EventType "swiss"]
[EventRounds "5"]
[EventCountry "GGB"]
[SourceTitle "BritBase"]
[Source "www.saund.co.uk"]
[SourceDate "2018.02.10"]
[SourceVersion "1"]
[SourceVersionDate "2018.02.10"]
[SourceQuality "1"]

1. e4 c5 2. Nf3 e6 3. b4 cxb4 4. a3 bxa3 5. Bxa3 a6 6. Bxf8 Kxf8 7. d4 d5 8. e5
Nc6 9. c4 dxc4 10. Bxc4 Nge7 11. Nc3 Qc7 12. Rc1 b5 13. Bb3 Bb7 14. O-O Qb6 15.
d5 exd5 16. Nxd5 Nxd5 17. Qxd5 Nd8 18. Qd6+ Qxd6 19. exd6 Bxf3 20. gxf3 Ne6 21.
Bxe6 fxe6 22. Rc7 h5 23. Rfc1 Rd8 24. Ra7 Rh6 25. Rxa6 e5 26. Rcc6 b4 27. Rab6
b3 28. Rxb3 Rhxd6 29. Rc5 Rg6+ 30. Kf1 Rd1+ 31. Ke2 Rh1 32. f4 Rxh2 33. fxe5
Ra6 34. Rc7 Kg8 35. Rg3 Ra2+ 36. Ke3 Ra3+ 37. Ke4 Rxg3 38. fxg3 h4 39. gxh4
Rxh4+ 40. Kd5 Kf8 41. Kd6 Rd4+ 42. Ke6 g5 43. Rf7+ Kg8 44. Rf5 g4 45. Kf6 Kf8
46. Ke6+ Ke8 47. Rg5 Kf8 48. Kf5 Ra4 49. Rg6 g3 50. Kf6 Rf4+ 51. Ke6 Rf3 52.
Rg4 Ra3 53. Kf6 Rf3+ 54. Ke6 Ra3 55. Kf5 Rf3+ 56. Ke4 Ra3 1/2-1/2

[Event "Tradewise Gibraltar ChallWk1"]
[Site "Gibraltar"]
[Date "2017.01.26"]
[Round "4.24"]
[White "Jordan Martinez, Miguel"]
[Black "Dizdar, Orkun"]
[Result "1-0"]
[WhiteElo "2142"]
[BlackElo "1942"]
[PlyCount "57"]
[EventDate "2017.01.23"]
[EventType "swiss"]
[EventRounds "5"]
[EventCountry "GGB"]
[SourceTitle "BritBase"]
[Source "www.saund.co.uk"]
[SourceDate "2018.02.10"]
[SourceVersion "1"]
[SourceVersionDate "2018.02.10"]
[SourceQuality "1"]

1. e4 c5 2. Nf3 d6 3. d4 cxd4 4. Qxd4 a6 5. c4 Nc6 6. Qd3 g6 7. Nc3 Bg7 8. Be2
Nf6 9. O-O O-O 10. Be3 Ng4 11. Bd2 Nge5 12. Nxe5 Nxe5 13. Qc2 Be6 14. b3 f5 15.
f4 Nc6 16. Bf3 Nd4 17. Qd3 Nxf3+ 18. Rxf3 b5 19. cxb5 fxe4 20. Qxe4 Bf5 21. Qb7
axb5 22. Re1 e6 23. Nxb5 Rf7 24. Qc6 Rxa2 25. Bc3 Bxc3 26. Rxc3 Qh4 27. Rf1 e5
28. Nxd6 Bd7 29. Qd5 1-0

[Event "Tradewise Gibraltar ChallWk1"]
[Site "Gibraltar"]
[Date "2017.01.26"]
[Round "4.25"]
[White "Stuhlmann, Alexander"]
[Black "Bendayan Claros, Aaron"]
[Result "0-1"]
[WhiteElo "1906"]
[BlackElo "2128"]
[PlyCount "80"]
[EventDate "2017.01.23"]
[EventType "swiss"]
[EventRounds "5"]
[EventCountry "GGB"]
[SourceTitle "BritBase"]
[Source "www.saund.co.uk"]
[SourceDate "2018.02.10"]
[SourceVersion "1"]
[SourceVersionDate "2018.02.10"]
[SourceQuality "1"]

1. c4 Nf6 2. Nc3 g6 3. g3 Bg7 4. Bg2 O-O 5. e3 d6 6. Nge2 Nc6 7. O-O e5 8. h3
Be6 9. d3 d5 10. d4 exd4 11. exd4 Na5 12. cxd5 Nxd5 13. Nxd5 Bxd5 14. Bf4 c6
15. b3 Bxg2 16. Kxg2 Qd5+ 17. Kg1 Rad8 18. Rc1 b6 19. Be3 Rd6 20. Qd3 Rfd8 21.
b4 Nb7 22. Qa6 R8d7 23. Qxa7 Qb5 24. Nc3 Qxb4 25. Qa8+ Nd8 26. Ne4 Re6 27. Ng5
Red6 28. Ne4 Re6 29. Ng5 Re8 30. Rxc6 Bxd4 31. Bxd4 Qxd4 32. Rc8 Kg7 33. a4 Re2
34. Qf3 Ree7 35. Rfc1 h6 36. R8c4 Qe5 37. Ne4 Ne6 38. Rc6 Nd4 39. Qf6+ Qxf6 40.
Nxf6 Rd8 0-1

[Event "Tradewise Gibraltar ChallWk1"]
[Site "Gibraltar"]
[Date "2017.01.26"]
[Round "4.27"]
[White "Bernstein, Nathan"]
[Black "Mayank, Pal"]
[Result "1/2-1/2"]
[WhiteElo "2015"]
[BlackElo "1919"]
[PlyCount "146"]
[EventDate "2017.01.23"]
[EventType "swiss"]
[EventRounds "5"]
[EventCountry "GGB"]
[SourceTitle "BritBase"]
[Source "www.saund.co.uk"]
[SourceDate "2018.02.10"]
[SourceVersion "1"]
[SourceVersionDate "2018.02.10"]
[SourceQuality "1"]

1. e3 Nf6 2. d4 g6 3. c4 Bg7 4. Nc3 d6 5. Nf3 O-O 6. Be2 c6 7. O-O Nbd7 8. b4
e5 9. Bb2 Re8 10. a4 a5 11. b5 Qc7 12. Rc1 Bf8 13. Re1 Bg7 14. Nd2 exd4 15.
exd4 Nf8 16. Nb3 Bh6 17. Ra1 Bg7 18. Qd2 Be6 19. Rac1 c5 20. Nd1 Ne4 21. Qc2
Nf6 22. Ne3 Rad8 23. Bf3 h5 24. h3 N8h7 25. h4 Nf8 26. Red1 Ng4 27. Nd5 Bxd5
28. Bxd5 Bh6 29. Rb1 Qe7 30. g3 Qc7 31. Bf3 Ne6 32. Qc3 Bg7 33. Qxa5 b6 34. Qd2
cxd4 35. Bc6 Ne5 36. Nxd4 Nxd4 37. Bxd4 Nxc6 38. bxc6 Qxc6 39. Bxg7 Kxg7 40.
Qd4+ Kg8 41. Rxb6 Qxa4 42. Rb7 Rc8 43. Rc1 Re6 44. Qf4 Qe8 45. Rc3 Re1+ 46. Kh2
Re4 47. Qxd6 Rexc4 48. Rf3 R4c6 49. Qd5 Re6 50. Rfxf7 Rcc6 51. Rbe7 Qxf7 52.
Rxf7 Kxf7 53. Kg2 Rcd6 54. Qb7+ Kf6 55. Qb2+ Kf7 56. f3 Rb6 57. Qf2 Ke7 58. Kh3
Rbd6 59. g4 hxg4+ 60. Kxg4 Re5 61. Qa7+ Ke6 62. Qg7 Kd5 63. Qf7+ Kd4 64. Qg7
Kd5 65. Qg8+ Kd4 66. Qf8 Kd5 67. f4 Rf5 68. Qa8+ Ke6 69. Qe4+ Kf7 70. Qc4+ Re6
71. Qb3 Ke7 72. Kf3 Ref6 73. Qb4+ Kf7 1/2-1/2

[Event "Tradewise Gibraltar ChallWk1"]
[Site "Gibraltar"]
[Date "2017.01.26"]
[Round "4.28"]
[White "Gonzalez Pabollet, Jesus Maria"]
[Black "Suez-Panama, Gilles"]
[Result "0-1"]
[WhiteElo "1900"]
[BlackElo "2010"]
[PlyCount "108"]
[EventDate "2017.01.23"]
[EventType "swiss"]
[EventRounds "5"]
[EventCountry "GGB"]
[SourceTitle "BritBase"]
[Source "www.saund.co.uk"]
[SourceDate "2018.02.10"]
[SourceVersion "1"]
[SourceVersionDate "2018.02.10"]
[SourceQuality "1"]

1. e4 e6 2. d4 d5 3. exd5 exd5 4. Bd3 Nc6 5. Nf3 Bg4 6. c3 Bd6 7. O-O Nge7 8.
Bg5 f6 9. Bh4 Qd7 10. Bg3 O-O-O 11. Bxd6 Qxd6 12. Nbd2 Ng6 13. Qc2 Nce7 14.
Rfe1 Nf4 15. Bf1 Kb8 16. c4 dxc4 17. Nxc4 Qd7 18. Qe4 Ned5 19. Ne3 Rde8 20. Qc2
Bxf3 21. gxf3 Nxe3 22. fxe3 Nd5 23. Qd2 g5 24. Rac1 Re7 25. e4 Nf4 26. Red1 Re6
27. a4 Qxa4 28. d5 Rb6 29. Qc3 Qd7 30. d6 Rxd6 31. Qxf6 Rg8 32. Rxd6 Qxd6 33.
Qxd6 cxd6 34. Bc4 Rc8 35. Rc3 Rc5 36. Kf2 a6 37. Bg8 Rxc3 38. bxc3 h6 39. Ke3
Kc7 40. Kd4 Ne2+ 41. Kd3 Ng1 42. Ke3 Nh3 43. Kd4 Kd7 44. Bh7 Nf4 45. Bg8 b5 46.
Ke3 a5 47. Kd4 Ng6 48. Bd5 Ne5 49. Ke3 Ng6 50. Kd4 Nf4 51. Bg8 a4 52. Ba2 Ne2+
53. Ke3 Nxc3 54. Kd2 Nxa2 0-1

[Event "Tradewise Gibraltar ChallWk1"]
[Site "Gibraltar"]
[Date "2017.01.26"]
[Round "4.29"]
[White "Press, Harry"]
[Black "Byrn, Carsten"]
[Result "1-0"]
[WhiteElo "1892"]
[BlackElo "2003"]
[PlyCount "81"]
[EventDate "2017.01.23"]
[EventType "swiss"]
[EventRounds "5"]
[EventCountry "GGB"]
[SourceTitle "BritBase"]
[Source "www.saund.co.uk"]
[SourceDate "2018.02.10"]
[SourceVersion "1"]
[SourceVersionDate "2018.02.10"]
[SourceQuality "1"]

1. d4 Nf6 2. c4 c5 3. d5 b5 4. Nf3 g6 5. cxb5 a6 6. e3 Bg7 7. Nc3 O-O 8. Be2 e6
9. O-O exd5 10. bxa6 Nxa6 11. Nxd5 Nxd5 12. Qxd5 Rb8 13. e4 Bb7 14. Qd6 Re8 15.
Rd1 Rxe4 16. Bxa6 Re6 17. Qxd7 Qxd7 18. Rxd7 Bxa6 19. Bf4 Rbe8 20. Be3 Bxb2 21.
Rb1 Ba3 22. Ra7 Rc6 23. Ng5 c4 24. Nxf7 Bf8 25. Bh6 c3 26. Bxf8 Kxf8 27. Nh6
Bc4 28. h3 c2 29. Rc1 Bg8 30. Ng4 Be6 31. Ne3 Bf5 32. Rb7 Rxe3 33. fxe3 h5 34.
Kf2 Be4 35. Rb4 Bd3 36. Rd4 Bf5 37. e4 Be6 38. Rd2 Bxa2 39. Rcxc2 Rf6+ 40. Ke3
Bb1 41. Rc7 1-0

[Event "Tradewise Gibraltar ChallWk1"]
[Site "Gibraltar"]
[Date "2017.01.26"]
[Round "4.31"]
[White "Spanton, Tim R"]
[Black "Ruud, Kjetil"]
[Result "1-0"]
[WhiteElo "1964"]
[BlackElo "1773"]
[PlyCount "73"]
[EventDate "2017.01.23"]
[EventType "swiss"]
[EventRounds "5"]
[EventCountry "GGB"]
[SourceTitle "BritBase"]
[Source "www.saund.co.uk"]
[SourceDate "2018.02.10"]
[SourceVersion "1"]
[SourceVersionDate "2018.02.10"]
[SourceQuality "1"]

1. e4 Nc6 2. Nf3 d6 3. d4 Bg4 4. Bc4 Nf6 5. Nc3 Bxf3 6. gxf3 a6 7. Be3 g6 8.
Qe2 b5 9. Nxb5 Rb8 10. Nc3 Rxb2 11. Bxa6 Nb4 12. Bd3 Qb8 13. O-O Nxd3 14. Qxd3
Bg7 15. Rab1 O-O 16. Rxb2 Qxb2 17. Rb1 Qa3 18. Rb7 Rc8 19. Qc4 e6 20. Rxc7 Rxc7
21. Qxc7 Bf8 22. Qc4 Nd7 23. Qb3 Qa5 24. Nb5 h5 25. c3 h4 26. h3 Qa6 27. Bg5 d5
28. exd5 exd5 29. Qxd5 Nb6 30. Qc6 Qa5 31. Bd8 Qa4 32. Qxb6 Qd1+ 33. Kg2 Qd2
34. Bxh4 g5 35. Bg3 Qxa2 36. Qf6 Qd5 37. Be5 1-0

[Event "Tradewise Gibraltar ChallWk1"]
[Site "Gibraltar"]
[Date "2017.01.26"]
[Round "4.32"]
[White "Mashayekh, Majid"]
[Black "Eagleton, Greg T"]
[Result "1/2-1/2"]
[WhiteElo "1944"]
[BlackElo "2055"]
[PlyCount "35"]
[EventDate "2017.01.23"]
[EventType "swiss"]
[EventRounds "5"]
[EventCountry "GGB"]
[SourceTitle "BritBase"]
[Source "www.saund.co.uk"]
[SourceDate "2018.02.10"]
[SourceVersion "1"]
[SourceVersionDate "2018.02.10"]
[SourceQuality "1"]

1. Nf3 Nf6 2. b3 d6 3. d4 g6 4. Bb2 Bg7 5. e3 O-O 6. c4 Nbd7 7. Be2 e5 8. Nc3
exd4 9. exd4 Re8 10. O-O Ne4 11. Nxe4 Rxe4 12. Bd3 Re7 13. Qd2 Nf6 14. Rae1 Bg4
15. Rxe7 Qxe7 16. Ne1 Re8 17. f3 Bc8 18. Nc2 1/2-1/2